Contra los dogmáticos.
-д хадгалсан:
| Үндсэн зохиолч: | |
|---|---|
| Бусад зохиолчид: | |
| Формат: | Ном |
| Хэвлэсэн: |
Madrid, España:
Gredos,
2012.
|
| Хэвлэл: | Primera edición. |
| Цуврал: | Biblioteca Clásica Gredos,
|
| Нөхцлүүд: | |
| Шошгууд: |
Шошго нэмэх
Шошго байхгүй, Энэхүү баримтыг шошголох эхний хүн болох!
|
MARC
| LEADER | 00000nam a22000007a 4500 | ||
|---|---|---|---|
| 003 | CL-VaPUC | ||
| 005 | 20220822114713.0 | ||
| 008 | 220725t2012 ||||| |||| 00| 0 eng d | ||
| 999 | |c 437471 |d 437469 | ||
| 020 | |a 84-249-2599-4 | ||
| 040 | |c Pontificia Universidad Católica de Valparaíso | ||
| 082 | 7 | |a 186 SEX 2012 |2 22 | |
| 100 | 1 | |a Sexto, Empírico |e autor |9 873776 | |
| 245 | |a Contra los dogmáticos. | ||
| 250 | |a Primera edición. | ||
| 260 | |a Madrid, España: |b Gredos, |c 2012. | ||
| 300 | |a 750 páginas. | ||
| 490 | |a Biblioteca Clásica Gredos, |n 401. | ||
| 500 | |a c.1 Donación Familia Prof. Alejandro Guzmán Brito. | ||
| 583 | |c 20220725 |k Cristina María Rojas Aguilar | ||
| 650 | |a Escépticos |9 873777 | ||
| 650 | |a Filosofía antigua |9 255705 | ||
| 650 | |a Filosofía |9 223554 | ||
| 700 | |a Martos Montiel, Juan Francisco |e introducción, traducción, notas e índices |9 873778 | ||
| 942 | |2 ddc |c BK |n 0 | ||
| 952 | |0 0 |1 0 |2 ddc |4 0 |6 186_000000000000000_SEX_2012 |7 1 |8 C_AGB |9 585241 |a BIBDER |b BIBDER |d 2022-07-25 |e Donación |i 5653213 |o 186 SEX 2012 |p 5653213 |r 2023-01-25 |t 1 |w 2022-07-25 |y BK_US |k AGB | ||